Quizzes
Events
Quiz Creation
Community
Videos
Private Events
Remove Ads
Sign In
Join for FREE
Feedback
Dark Mode
Quiz Categories
Sports
Geography
Music
Movies
Television
Just For Fun
Miscellaneous
History
Literature
Language
Science
Gaming
Entertainment
Religion
Holiday
For Kids
Quiz Lab
Recent
Popular Today
Quiz Kudos Today
Editor Picks
Curator Picks
Quizzes by...
Day
Popularity
Type
Ratings
Length
Year
Community
Subscriptions
Recent Discussions
Orange Saloon
Badges
Playlists
Quests
Create
Leaderboards
Showdown
Live 5
Trivia Bingo
Activity
Puzzle Library
Sporcle Events
Private Events
Virtual Trivia
Globe League
Become a Host
Pub Owners
SporcleCon
Opinionation
Our Games
Videos
Blog
Mobile Apps
Partnerships
Remove Ads and Go Orange
Feedback
Music
Pop Music
The Beatles
Song
Album
Lyrics
Bands
Singers
Artist
Clip
Rock
Rap
Classical
Billboard
Country Music
Kpop
Taylor Swift
Music
Pop Music
The Beatles
Song
Album
Lyrics
Bands
Singers
Artist
Clip
Rock
Rap
Classical
Billboard
Country Music
Kpop
Taylor Swift
Random Quiz
Search Sporcle
×
Quiz Lab
Quiz Lab
Music
Rock
Type in answers that appear in a list
Type in answers that appear in a list
Classic
Best Score? Go Orange.
Figure Out the Classic Rock Lyrics Stats
Can you name the Figure Out the Classic Rock Lyrics?
By
T_thr33
20m
257 Questions
769 Plays
769 Plays
769 Plays
Comments
Comments
Give Quiz Kudos
Give Quiz Kudos
-
- Ratings
hide this ad
Replay
Link that replays current quiz
Next Quiz
Link to next quiz in quiz playlist
You Got
0%
They Got
Avg Score
45%
Avg Friend Score
Upgrade to see
Score Distribution
Jump to the score distribution portion of the page
Score
0/257
Timer
20:00
0
Plays Today
% Correct
the
99.6%
a
99.6%
and
99.6%
the
99.6%
and
99.6%
and
99.6%
and
99.6%
a
99.6%
the
99.6%
the
99.6%
the
99.6%
and
99.6%
the
99.6%
a
99.6%
the
99.6%
the
99.6%
the
99.6%
the
99.6%
the
99.6%
the
99.6%
the
99.6%
I
98.4%
I
98.4%
I
98.4%
I
98.4%
I
98.4%
I
98.4%
I
98.4%
I
98.4%
I
98.4%
I
98.4%
I
98.4%
you
91.7%
you
91.7%
you
91.7%
to
84.8%
to
84.8%
to
84.8%
to
84.8%
to
84.8%
to
84.8%
to
84.8%
be
82.2%
be
82.2%
on
82%
on
82%
me
80.1%
an
80.1%
me
80.1%
me
80.1%
in
79.2%
no
73.3%
no
73.3%
no
73.3%
no
73.3%
no
73.3%
my
71.6%
my
71.6%
my
71.6%
my
71.6%
my
71.6%
my
71.6%
my
71.6%
my
71.6%
my
71.6%
of
70.3%
of
70.3%
of
70.3%
of
70.3%
of
70.3%
of
70.3%
of
70.3%
of
70.3%
for
69.7%
where
68.5%
where
68.5%
when
67.3%
when
67.3%
when
67.3%
when
67.3%
when
67.3%
when
67.3%
there
66%
there
66%
there
66%
see
63.4%
% Correct
see
63.4%
see
63.4%
have
62%
have
62%
that
60.3%
that
60.3%
I'm
59.1%
I'm
59.1%
I'm
59.1%
not
58.9%
who
58.1%
will
57%
will
57%
they
56.6%
they
56.6%
all
56.1%
all
56.1%
am
54.9%
way
52.2%
way
52.2%
this
51.6%
this
51.6%
this
51.6%
from
51.3%
down
50.9%
been
50.9%
been
50.9%
been
50.9%
been
50.9%
down
50.9%
but
50.4%
but
50.4%
with
50.1%
with
50.1%
with
50.1%
as
49.5%
as
49.5%
as
49.5%
was
48.8%
time
48%
ooh
47%
ooh
47%
ooh
47%
ooh
47%
like
46.6%
Oh
46.4%
oh,oh
46.4%
oh
46.4%
oh
46.4%
oh
46.4%
ohh
46.4%
could
45.7%
I've
43.6%
let
43.5%
let
43.5%
let
43.5%
has
43.4%
take
39.5%
take
39.5%
sun
39.2%
sun
39.2%
baby
28.4%
baby
28.4%
world
28%
yeah
27.9%
yeah
27.9%
yeah
27.9%
yeah
27.9%
yeah
27.9%
yeah
27.9%
seen
27.6%
face
27.3%
face
27.3%
eyes
25.5%
place
24.9%
space
23.4%
upon
21.9%
days
21.4%
beat
21.2%
dream
19.8%
dream
19.8%
moon
19.1%
again
19.1%
stars
18.8%
talk
18.1%
talk
18.1%
% Correct
through
18.1%
find
17.6%
find
17.6%
both
17.3%
which
16.9%
word
16%
heard
16%
ain't
16%
ain't
16%
traveler
15.9%
wait
15.5%
fill
15.1%
fill
15.1%
fill
15.1%
sea
14.5%
Kashmir
13.9%
sit
13.8%
sit
13.8%
stay
13.2%
revealed
12.4%
open
12.4%
land
12.2%
race
11.7%
elders
10.8%
high
10.7%
ears
10.3%
turns
10.2%
sand
9.8%
gentle
9.6%
years
9.5%
whose
9.4%
brown
8.9%
songs
8.6%
clear
8.6%
trying
8.5%
trying
8.5%
along
8.5%
fear
8.5%
quite
8.3%
ground
8.1%
inside
7.8%
desert
7.8%
movin'
7.7%
summer
7.6%
sure
7.6%
sounds
7.4%
relate
7.2%
burns
7.2%
caress
7%
seldom
6.9%
mama
6.9%
across
6.9%
leaves
6.6%
led
6.6%
yellow
6.6%
story
6.5%
four
6.5%
grace
6.3%
thoughts
6.3%
return
6.1%
winds
5.7%
denyin'
5.6%
denyin'
5.6%
denyin'
5.6%
trace
5.6%
beneath
5.5%
flying
5.1%
flying
5.1%
wasted
5.1%
path
5.1%
dust
4.8%
sails
4.8%
storm
4.7%
stream
4.6%
father
4.4%
scan
3.9%
Shangri-La
3.9%
provision
3.9%
tongues
3.6%
lilting
3.6%
straits
3.3%
June
2.9%
pilot
2.7%
floats
2.5%
heed
1.8%
Quiz Playlist
Details
Report
Send in Message
Add To Playlist
Classic:
Type in answers that appear in a list
Last Updated: Feb 16, 2017
Quiz Scoreboard
CHALLENGE
Sign Up to Join the Scoreboard
Show All
Scores
Hide
Comments
May contain spoilers
Recently Published
Pick 6: Fruits
by JohnFran
Miscellaneous
15s
Click the 1999 NBA Draft
by nibperrychub
Sports
2m
Alphabetical 'K' Countries by Flag Minefield
by ylime102
Geography
3m
More to Explore
Quiz From the Vault
Featured Blog Post
15 Basketball Trivia Facts You Can Be March Mad About
hide this ad
You Might Also Like...
Tags
Rock Quiz
classic
Classic Rock
Today's Top Quizzes in Music
Browse Music
hide this ad
Today's Top Quizzes in Rock
Browse Rock
Top Contributed Quizzes in Music
1
Taylor Swift All Songs (2024)
2
KPOP LOGIC QUIZ
3
A Taylor Swift Logic Puzzle
4
K-Pop Murder Mystery Logic Quiz
5
Taylor Swift Logic Puzzle
6
Guess the Taylor Swift song (Mystery Song)
7
Guess The Taylor Swift Lyrics Song #1
8
NCT 2020 Logic Puzzle
9
Joni Mitchell—'Car on a Hill' Lyrics
10
kpop group name match up
Explore More
Trending Topics
Crossword
Disney
Marvel
Harry Potter
Anime
Kpop
NBA
WWE
NFL
The Office
Pokémon
Country
Soccer
Puzzle
Song
hide this ad
More By:
T_thr33
Quiz
Plays
Rating
Category
Featured
Created
Skyrim Typing challenge
4,108
4.27
Gaming
May 7, 2013
Follow That Line: Animal House
4,035
4.63
Movies
Jul 28, 2012
Follow That Line: Clerks
2,513
4.64
Movies
Mar 19, 2013
Follow That Line: Django Unchained
2,296
4.63
Movies
Apr 30, 2013
X-men Typing Challenge
2,281
4.56
Entertainment
Sep 30, 2013
Go to Creator's Profile
Score Distribution
Quiz Creator Spotlight
T_thr33
Follow
Send a Message
Quizzes Created
-
Created Quiz Play Count
-
More By This Creator
Popular Quizzes Today
1
Countries of Asia Without Outlines Minefield
2
Find the US States - No Outlines Minefield
3
Pick 6: Fruits
4
Alphabetical 'K' Countries by Flag Minefield
5
The Countries of the World
6
Find the US States
7
Match the Book to the Film X
8
US States
More Music Quizzes
1990s Lyric Match
Published
Trending Quizzes
Pick 6: Harry Potter
Pick 6: Mountains
Pick 6: NFL Teams
Pick 6: Movie Franchises
Pick 6: Golfers
Recently Updated
NWSL Teams
pecheneg
Women's Final Four Teams by Year
bhenderson79
Presidents Quartet II
eogle
Anything But Clue(do)
eogle
Anything But Oceanian Capitals
eogle
Anything But 7
eogle
Anything But Thing
eogle
Word Ladder: February 29
pecheneg
Song Title Questions
pecheneg
Women's NCAA Tournament #1 Seeds
pecheneg
Trending Topics
NBA
Harry Potter
Kpop
Crossword
Disney
Marvel
Anime
WWE
Song
Puzzle
NFL
Soccer
Country
The Office
Pokémon
Your Account Isn't Verified!
In order to create a playlist on Sporcle, you need to verify the email address you used during registration. Go to your
Sporcle Settings
to finish the process.
Report this User
Report this user for behavior that violates our
Community Guidelines
.
Details:
Send Report
Go to the Sporcle.com Mobile Site →
Comments